Informe sobre la educación superior en Chile 1988
Bewaard in:
| Coauteurs: | , |
|---|---|
| Formaat: | Boek |
| Taal: | Spaans |
| Gepubliceerd in: |
Santiago
C.P.U
1988
|
| Reeks: | Serie documentos trabajo
|
| Onderwerpen: | |
| Tags: |
Voeg label toe
Geen labels, Wees de eerste die dit record labelt!
|
MARC
| LEADER | 00000nam a2200000 a 4500 | ||
|---|---|---|---|
| 001 | UCW3572 | ||
| 003 | CL-VaPUC | ||
| 008 | 881111e19880000CL |||||||||||||||||spa|d | ||
| 082 | 0 | 4 | |a 378.83 |b COR |2 21 |
| 110 | 2 | |a Corporacion de Promocion Universitaria |e author |9 307879 | |
| 710 | 2 | |a CPU |e author |9 307880 | |
| 245 | 1 | 0 | |a Informe sobre la educación superior en Chile 1988 |
| 300 | |a 102 p | ||
| 942 | |c BK | ||
| 945 | |d 19881111 00:00:00 | ||
| 260 | |a Santiago |b C.P.U |c 1988 | ||
| 650 | 0 | |a Educación superior |9 223851 | |
| 651 | 7 | |a CHILE |2 CL-VaPUC |9 307881 | |
| 583 | |a last modification |c 19881111 00:00:00 |k Rodrigo Vera | ||
| 490 | 0 | |a Serie documentos trabajo | |
| 999 | |c 217539 |d 217537 | ||
| 952 | |0 0 |1 0 |4 0 |6 378_830000000000000_COR_1988 |7 0 |8 P |9 205393 |a BIBEDU |b BIBEDU |c BIBEDU_PB |d 2019-11-15 |i 2732874 |o 378.83 COR 1988 |p 2732874 |r 2019-11-15 |w 2019-11-15 |y BK |k EDU | ||
| 952 | |0 0 |1 0 |4 0 |6 378_830000000000000_COR_1988 |7 0 |8 P |9 205394 |a BIBEDU |b BIBEDU |c BIBEDU_PB |d 2019-11-15 |i 2732882 |o 378.83 COR 1988 |p 2732882 |r 2019-11-15 |w 2019-11-15 |y BK |k EDU | ||
| 952 | |0 0 |1 0 |4 0 |6 378_830000000000000_COR_1988 |7 0 |8 A |9 205395 |a BIBENE |b BIBENE |d 2019-11-15 |i 2732890 |o 378.83 COR 1988 |p 2732890 |r 2025-01-15 |w 2019-11-15 |y BK |k ICO | ||